Advanced composite materials for automotive applications

Bibliographic Details
Other Authors: Elmarakbi, Ahmed
Format: Book
Published: West Sussex : John Wiley & Sons Ltd , 2014
Subjects:

MARC

LEADER 00000cam a2200000 7i4500
001 0000187607
005 20140820.0
020 |a 9781118423868 
090 0 0 |a 629.232   |b ADV 
245 0 0 |a Advanced composite materials for automotive applications   |c editor, Ahmed Elmarakbi 
260 |a West Sussex :   |b John Wiley & Sons Ltd ,   |c 2014 
300 |a 446p. ;   |c 25cm. 
650 0 0 |a Automobiles   |x Crashworthiness 
650 0 0 |a Composite materials in automobiles 
700 1 |a Elmarakbi, Ahmed 
999 |a 00297505   |b BUKU   |c RUJUKAN   |e PERPUSTAKAAN KOMUNITI PETALING JAYA